Nonlinear system theory /
Guardado en:
| Autor Principal: | |
|---|---|
| Formato: | Libro |
| Idioma: | English |
| Publicado: |
Orlando :
Academic Press,
1985.
|
| Series: | Mathematics in science and engineering ;
v. 175 |
| Materias: | |
| Etiquetas: |
Agregar Etiqueta
Sin Etiquetas, Sea el primero en etiquetar este registro!
|
| LEADER | 00735pam a22002175a 4500 | ||
|---|---|---|---|
| 001 | EIQ.libpla001525 | ||
| 008 | 840405s1985####flua#####b####001#0#eng#d | ||
| 005 | 20061101183953.0 | ||
| 245 | 1 | 0 | |a Nonlinear system theory / |c John L. Casti. |
| 260 | |a Orlando : |b Academic Press, |c 1985. | ||
| 300 | |a xi, 261 p. : |b il. ; |c 24 cm. | ||
| 440 | 0 | |a Mathematics in science and engineering ; |v v. 175 | |
| 504 | |a Incluye referencias bibliográficas e índice. | ||
| 020 | |a 0121634523 (alk. paper) | ||
| 100 | 1 | |a Casti, J. L. | |
| 082 | 0 | 0 | |a 003 |2 19 |
| 650 | 4 | |a Matemática |x Sistemas no lineales. | |
| 650 | 4 | |a Mathematical |x Nonlinear system. | |
| 010 | |a 84006463 | ||
| 040 | |a DLC |c DLC |d AR-BbSID | ||
| 859 | |a AR-BbSID |b BIB. PLAPIQUI |h 629.836 |i C 278 |p 3160 | ||
